| 000 | 00866nam a2200265 4500 | ||
|---|---|---|---|
| 003 | OSt | ||
| 005 | 20260530115316.0 | ||
| 008 | 260506b2003 mx a|||| |||| 00| 0 spa d | ||
| 020 | _a 9709197258 | ||
| 040 |
_aICI _bspa _cICI |
||
| 041 | _aspa | ||
| 050 | 4 |
_aTS195 _bR627 |
|
| 100 | 1 |
_aRodríguez, Tarango, José Antonio, _ecoordinador _933665 |
|
| 245 | 1 | 0 |
_aDiplomado en ingeniería y diseño de envases y embalajes / _ccoordinador José Antonio Rodríguez Tarango |
| 264 | 1 |
_aMéxico, D.F. : _bInstituto Mexicano de Profesionales en Envase y Embalaje , _c2003 |
|
| 300 |
_atomos : _bIlustraciones |
||
| 336 |
_2rdacontent _atexto |
||
| 337 |
_2rdamedia _asin medio |
||
| 338 |
_2rdacarrier _avolumen |
||
| 490 | 0 |
_aenciclopedia IMPEE; _vTomo 1 |
|
| 650 | 4 | _aEnvases | |
| 650 | 4 | _aEnvasado | |
| 650 | 4 |
_aEnvasado para embarque _933668 |
|
| 942 |
_2lcc _n1 _cBK |
||
| 999 |
_c13584 _d13584 |
||